000
00352nam a2200157Ia 4500
003
OSt
005
20240418161245.0
008
170524s9999 xx 000 0 und d
020
_a
9789350146866
040
_c
IIMT UNIVERSITY
100
_a
GUPTA RAJEEV
245
0
_a
ENGINEERING ELECTRONICS
260
_b
Pragati
260
_c
2002
942
_2
ddc
_c
02
999
_c
5778
_d
5778